平成に消滅・改称した山形県の市町村 - Statistics

General Stats
  • This quiz has been taken 25 times
  • The average score is 10 of 12
Answer Stats
変更年月日 変更内容 回答 変更後の市町村 % Correct
2005.07/01 新設合併 余目町 庄内町
100%
2005.10/01 新設合併 温海町 鶴岡市
100%
2005.10/01 新設合併 鶴岡市 鶴岡市
89%
2005.10/01 新設合併 羽黒町 鶴岡市
89%
2005.10/01 新設合併 櫛引町 鶴岡市
89%
2005.11.01 新設合併 酒田市 酒田市
89%
2005.11.01 新設合併 八幡町 酒田市
89%
2005.11.01 新設合併 平田町 酒田市
89%
2005.07/01 新設合併 立川町 庄内町
78%
2005.10/01 新設合併 藤島町 鶴岡市
78%
2005.11.01 新設合併 松山町 酒田市
78%
2005.10/01 新設合併 朝日村 鶴岡市
67%
No matching quizzes found
Score Distribution
Percent of People with Each Score
Percentile by Number Answered
Your Score History
You have not taken this quiz